[Event "EGY-chT"]
[Site "Egypt"]
[Date "2016.05.08"]
[Round "4.5"]
[White "Rashed, Nabil"]
[Black "Abdo, Hany Elsayed"]
[Result "1/2-1/2"]
[WhiteElo "2121"]
[BlackElo "1959"]
[PlyCount "99"]
[EventDate "2016.05.05"]
[EventType "team-tourn"]
[EventRounds "9"]
[EventCountry "EGY"]
[SourceTitle "CBM 172 Extra"]
[Source "ChessBase"]
[SourceDate "2016.06.21"]
[SourceVersion "1"]
[SourceVersionDate "2016.06.21"]
[SourceQuality "1"]
[WhiteTeam "Mokawlon Aswan"]
[BlackTeam "Abo Simbel"]
[WhiteTeamCountry "EGY"]
[BlackTeamCountry "EGY"]

1. c4 g6 2. Nc3 Bg7 3. d4 Nf6 4. e4 d6 5. Nf3 0-0 6. Be2 Nbd7 7. 0-0 e5 8. dxe5 Nxe5 9. Nxe5 dxe5 10. Qc2 c6 11. Be3 Be6 12. Bc5 Re8 13. Rfd1 Qc8 14. Bd6 Nd7 15. b4 Nf8 16. Rac1 Bh6 17. Rb1 Bg4 18. Rd3 Bxe2 19. Nxe2 Bg7 20. a4 Ne6 21. c5 a6 22. Qc4 Nd4 23. Nxd4 exd4 24. Re1 Qe6 25. Qxe6 Rxe6 26. e5 Rae8 27. f4 f6 28. Rxd4 fxe5 29. fxe5 g5 30. Rg4 h6 31. Rge4 Kf7 32. g4 Kg6 33. Kg2 Bh8 34. R1e3 Bg7 35. Kf3 h5 36. gxh5+ Kxh5 37. Ke2 Kg6 38. Kd3 Rh8 39. h3 Ree8 40. h4 Rh7 41. Rg3 Rh5 42. hxg5 Rh1 43. Kc2 Rf1 44. b5 Kf5 45. Re2 Rf4 46. g6 Rxa4 47. bxc6 bxc6 48. Kb3 Rg4 49. Rf2+ Rf4 50. Ra2 1/2-1/2